[Event "Malabrigo op"]
[Site "Malabrigo"]
[Date "2019.02.09"]
[Round "3"]
[White "Alzugaray, Julian"]
[Black "Gomez Benitez, Pedro"]
[Result "0-1"]
[WhiteElo "1724"]
[BlackElo "2032"]
[PlyCount "38"]
[EventDate "2019.02.09"]
[EventType "swiss"]
[EventRounds "6"]
[EventCountry "ARG"]
[SourceTitle "CBM 189 Extra"]
[Source "ChessBase"]
[SourceDate "2019.06.03"]
[SourceVersion "1"]
[SourceVersionDate "2019.06.03"]
[SourceQuality "1"]

1. d4 d5 2. Nf3 Nf6 3. e3 Bg4 4. Bd3 e6 5. Nbd2 c5 6. c3 Nc6 7. h3 Bh5 8. Bb5 Bd6 9. Qa4 Qc7 10. c4 0-0 11. dxc5 Bxc5 12. Nb3 Nb4 13. Nxc5 Qxc5 14. Bd2 Nd3+ 15. Ke2 a6 16. Kxd3 axb5 17. Qxb5 dxc4+ 18. Qxc4 Rfd8+ 19. Nd4 Be2+ 0-1

[Event "Asuncion ABC Color 2nd"]
[Site "Asuncion"]
[Date "2014.01.31"]
[Round "8"]
[White "Zacarias Martinez, Ruben David"]
[Black "Gomez Benitez, Pedro"]
[Result "1-0"]
[WhiteElo "2173"]
[BlackElo "2058"]
[PlyCount "103"]
[EventDate "2014.01.25"]
[EventType "tourn"]
[EventRounds "9"]
[EventCountry "PAR"]
[SourceTitle "CBM 158 Extra"]
[Source "ChessBase"]
[SourceDate "2014.02.28"]
[SourceVersion "1"]
[SourceVersionDate "2014.02.28"]
[SourceQuality "1"]

1. e4 c6 2. d4 d5 3. Nc3 dxe4 4. Nxe4 Bf5 5. Ng3 Bg6 6. h4 h6 7. Nf3 Nd7 8. h5 Bh7 9. Bd3 Bxd3 10. Qxd3 e6 11. Bd2 Ngf6 12. 0-0-0 Be7 13. Kb1 0-0 14. Ne4 c5 15. g4 cxd4 16. g5 Nxe4 17. Qxe4 hxg5 18. Rdg1 Nc5 19. Qxd4 Qxd4 20. Nxd4 Ne4 21. Be3 Bc5 22. Rg2 Rfd8 23. c3 Bxd4 24. Bxd4 f6 25. f3 Nd6 26. f4 Nf5 27. fxg5 Nxd4 28. cxd4 Kh7 29. gxf6 gxf6 30. Rg6 Rf8 31. Rf1 Rad8 32. Rfxf6 Rxf6 33. Rxf6 Rxd4 34. Rxe6 Rd7 35. h6 Rc7 36. Rf6 Kh8 37. b3 Kh7 38. Kb2 Kh8 39. Ka3 Kh7 40. Kb4 Rd7 41. a4 Rc7 42. Kb5 Rd7 43. Kc5 Rc7+ 44. Kd5 a5 45. Rb6 Rf7 46. Re6 Rf5+ 47. Kc4 Rf4+ 48. Kc5 Rf3 49. Re7+ Kxh6 50. Rxb7 Kg6 51. Rb5 Kf6 52. Kb6 1-0

[Event "Asuncion ABC Color 2nd"]
[Site "Asuncion"]
[Date "2014.01.30"]
[Round "7"]
[White "Gomez Benitez, Pedro"]
[Black "Almiron, Antonio"]
[Result "1/2-1/2"]
[WhiteElo "2058"]
[BlackElo "2221"]
[PlyCount "31"]
[EventDate "2014.01.25"]
[EventType "tourn"]
[EventRounds "9"]
[EventCountry "PAR"]
[SourceTitle "CBM 158 Extra"]
[Source "ChessBase"]
[SourceDate "2014.02.28"]
[SourceVersion "1"]
[SourceVersionDate "2014.02.28"]
[SourceQuality "1"]

1. d4 Nf6 2. c4 c5 3. d5 e6 4. Nc3 exd5 5. cxd5 d6 6. e4 g6 7. Bd3 a6 8. a4 Bg7 9. h3 0-0 10. Nf3 Nbd7 11. 0-0 Nh5 12. Bg5 Bf6 13. Bh6 Bg7 14. Bg5 Bf6 15. Bh6 Bg7 16. Bg5 1/2-1/2

[Event "Asuncion ABC Color 2nd"]
[Site "Asuncion"]
[Date "2014.01.25"]
[Round "1"]
[White "Delgado Ramirez, Neuris"]
[Black "Gomez Benitez, Pedro"]
[Result "1-0"]
[WhiteElo "2589"]
[BlackElo "2058"]
[PlyCount "33"]
[EventDate "2014.01.25"]
[EventType "tourn"]
[EventRounds "9"]
[EventCountry "PAR"]
[SourceTitle "CBM 158 Extra"]
[Source "ChessBase"]
[SourceDate "2014.02.28"]
[SourceVersion "1"]
[SourceVersionDate "2014.02.28"]
[SourceQuality "1"]

1. e4 c6 2. d4 d5 3. e5 Bf5 4. h4 h5 5. Bg5 Qb6 6. Bd3 Bxd3 7. Qxd3 e6 8. Nd2 Nd7 9. Ngf3 Ne7 10. c4 Qa6 11. b3 0-0-0 12. 0-0 Kb8 13. Qc2 dxc4 14. bxc4 Nb6 15. Rab1 Rd7 16. c5 Qa4 17. Rb3 1-0